=LDR 00000nam 2200000 4500 =001 INLIS000000000032957 =005 20240604102504 =035 ##$$a 0010-061300000032957 =008 240604################g##########0#ind## =041 ##$$a ind =082 ##$$a 372.3 =090 ##$$a R.304.203, Rah e =100 ##$$a Rahmatia, Diah =245 1#$$a Ensiklopedia IPA : $b Buku 6: Lingkungan hidup /$c Diah Rahmatia, Pipit Pitriana; Editor, Tim Editor Ganesa Exact =260 ##$$a Jakarta :$b Ganeca,$c 2006 =300 ##$$a 32 hlm : $b Ilus ; $c 30 cm =650 #4$$a Lingkungan hidup-Ensiklopedi =700 #$$a Pitriana, Pipit =850 ##$$a NBPNMAT =020 ##$$a 979-744-687-5 =084 ##$$a 372.3 RAH e =504 ##$$a Bibliografi: hal. 30-31 =990 ##$$a 2100573 =990 ##$$a 11301130 =990 ##$$a 21003182 =990 ##$$a 2100573